Zen for Americans /

Bibliographic Details
Main Author: Shaku, Soyen
Format: Book
Language:English
Published: La Salle, Ill. : Open Court, 1974
Series:Open court paperback
Subjects:

MARC

Tag First Indicator Second Indicator Subfields
LEADER 00000cam a2200000 4500
001 in00000015711
005 20151007052601.0
008 740807r19741913ilua b 00110 eng
010 |a  74176035  
020 |a 0875482732 
035 |a (OCoLC)01031804 
035 |9 AAA8389AM 
040 |a DLC  |c DLC  |d TXA  |d UtOrBLW 
041 1 |a eng  |h jpn 
049 |a TXAM  |c [A11031435] 
050 0 0 |a BQ4055  |b .S5 1974 
082 0 |a 294.3/08 
100 1 |a Shaku, Soyen. 
240 1 0 |a Sermons of a Buddhist abbot 
245 1 0 |a Zen for Americans /  |c Soyen Shaku ; translated by Daisetz Teitaro Suzuki. 
264 1 |a La Salle, Ill. :  |b Open Court,  |c 1974 
264 4 |c ©1906 
300 |a 7, 220 pages :  |b illustrations ;  |c 21 cm. 
336 |a text  |b txt  |2 rdacontent 
337 |a unmediated  |b n  |2 rdamedia 
338 |a volume  |b nc  |2 rdacarrier 
490 0 |a Open court paperback 
504 |a Includes bibliographical references and index. 
500 |a Reprint of the 1913 edition published by Open Court Pub. Co. under title: Sermons of a Buddhist abbot. 
650 0 |a Buddhism. 
999 |a MARS 
999 f f |s 808eaefe-630e-3469-8a1d-d8f8659493ec  |i 73472fe3-1f30-3960-95ce-76c30aa6e2ee  |t 0 
952 f f |p normal  |a Texas A&M University  |b College Station  |c Sterling C. Evans Library  |d Evans: Library Stacks  |t 0  |e BQ4055 .S5 1974  |h Library of Congress classification  |i unmediated -- volume  |m A14811031435 
998 f f |a BQ4055 .S5 1974  |t 0  |l Evans: Library Stacks